000 00636nam a2200193 i 4500
003 IT-RoINE
005 20190313080515.0
008 031005s1981 it r 000 | ita d
040 _aPUG
_cIT-RoINE
_dIT-RoINE
245 0 0 _aChiave biblica, ossia Concordanza della Sacra Scrittura compilata sulla versione riveduta.
246 3 2 _aConcordanza della Sacra Scrittura compilata sulla versione riveduta.
260 _aTorino :
_bClaudiana,
_c1981.
300 _a753 p. ;
_c25 cm.
336 _2rdacontent
_atext
337 _2rdamedia
_aunmediated
338 _2rdacarrier
_avolume
630 4 _91005
_aBiblia
_xConcordancias
942 _cMTS
999 _c29562
_d29562